aespa - Paroles Drama - Statistiques

Statistiques générales
  • Ce quiz a été pris 29 fois
  • Le résultat moyen est 287 sur 385
Statistiques - réponses
Hint Réponse % Correct
I
100%
(I
100%
drama
95%
Interlude | Post-refrain | Refrain Drama
95%
(Drama)
95%
(Drama
95%
the
95%
go
91%
Go
91%
I'm
91%
my
91%
to
91%
(Uh)
91%
Uh,
91%
(Woah)
91%
(Oh
86%
(Oh)
86%
(Oh,
86%
Oh,
86%
Intro | Outro Yeah,
86%
yeah
86%
(Yeah,
86%
yeah)
86%
(Yeah)
86%
You
86%
a
82%
ah
82%
bring,
82%
bring
82%
(Bring
82%
girls
82%
Girls
82%
in
82%
it
82%
what?
82%
(What?
82%
What?)
82%
all
77%
(All
77%
back
77%
back,
77%
bad,
77%
it's
77%
It's
77%
Couplet 2 | Pré-refrain One,
77%
one
77%
savage
77%
toxic
77%
two,
77%
two
77%
god)
73%
ma
73%
ma)
73%
say,
73%
Three,
73%
three
73%
three,
73%
time
73%
With
73%
(With
73%
li
68%
Li
68%
me
68%
new
68%
Trauma
68%
trauma
68%
(Trauma
68%
(trauma
68%
true
68%
when
68%
zoom
68%
'Cause
64%
Hold
64%
like
64%
Couplet 1 Ziggy,
64%
ziggy
64%
baddest
59%
coming
59%
know
59%
zag,
59%
better
55%
biggie,
55%
biggie
55%
break
55%
break)
55%
make
55%
of
55%
out,
55%
Out
55%
ra
55%
ta
55%
up,
55%
world
55%
world,
55%
Four,
50%
watch
50%
way
50%
way,
50%
and
45%
boom
45%
every
45%
real
45%
rules
45%
stunner
45%
that)
45%
been
41%
day
41%
Bridge Into
41%
love
41%
story
41%
(Story,
41%
vroom
41%
vu
41%
climax
36%
Déjà
36%
finally,
36%
I've
36%
run
36%
(We
32%
down,
27%
Going
27%
kinda
27%
(No)
27%
no
27%
roll
27%
through
27%
I'ma
23%
them)
18%
(Now)
14%
thrill
14%
scenе
0%
Aucun quiz correspondant
Distribution des résultats
% des personnes avec chaque résultat
Percentile par nombre de réponses
Votre historique - résultats
Vous n’avez pas pris ce quiz